| 000 | 01056nam a22003255a 4500 | ||
|---|---|---|---|
| 001 | 015648725 | ||
| 003 | Uk | ||
| 005 | 20150813120007.0 | ||
| 008 | 100903s2012 nyuab frb 001 0 eng d | ||
| 020 | _a0071220984 (pbk.) : | ||
| 020 | _a9780071220989 (pbk.) : | ||
| 040 |
_aStDuBDS _beng _cStDuBDS _dUk |
||
| 082 | 0 | 4 |
_a658.87 _bLEV _222 |
| 100 | 1 |
_aLevy, Michael. _929317 |
|
| 245 | 1 | 0 |
_aRetailing Management / _cMichael Levy, Barton A. Weitz. |
| 250 | _a8th ed. | ||
| 260 |
_aNew York : _bMcGraw-Hill Irwin ; _aLondon : _bMcGraw-Hill [distributor], _c2012. |
||
| 300 |
_axxvii, 675 p. : _bill, map. ; _c28 cm. |
||
| 500 | _aPrevious ed.: 2009. | ||
| 500 | _aIndexes : p.641-675 . | ||
| 500 | _aGlossary : p. 591- 616. | ||
| 504 | _aIncludes bibliographical references and index. | ||
| 590 | _aMenna Elemam | ||
| 650 | 0 |
_aRetail trade-- _xManagement. _929318 _2BUEsh |
|
| 651 | _2BUEsh | ||
| 653 |
_bBUSADM _cAugust2015 |
||
| 700 | 1 |
_aBeitelspacher, Lauren Skinner. _929319 |
|
| 700 | 1 |
_aWeitz, Barton A. _929320 |
|
| 942 |
_2ddc _cBB _k658.87 LEV |
||
| 999 |
_c16567 _d16567 |
||